000 00390 a2200109 4500
001 ART_42763
005 20260410161737.0
008 260409a
245 1 0 _aAFJP - Medición y evaluación de la performance financiera
100 1 _aMarcel, Alberto E.
773 0 _tEjecutivos de finanzas
_gNecesidad de reconversión de las Pymes - Año 13, Nº 133 (mar. 1997)
_wREV2863
999 _c18409
_d18409